Política mexicana durante el régimen de Juárez : 1855-1872 /

Ensayo sobre las ideas políticas que animaron y presidieron las reformas emprendidas por Benito Juárez durante el lapso 1855-1872.

Guardado en:
Detalles Bibliográficos
Autor principal: Scholes, Walter V. (autor)
Otros autores: Martínez Báez, Antonio (prólogo) (prólogo)
Formato: Libro
Idioma:Español
Publicado: México : Fondo de Cultura Económica, 1972, c1972
Colección:(Sección de Obras de Historia)
Temas:
Etiquetas: Agrega una etiqueta
Sin etiquetas, Sé el primero en etiquetar este registro!

MARC

LEADER 00000nam^a2200000^a^4500
001 000182270
005 20250521000000.0
009 20260310102000.538
037 |a Acervo ITESO - Biblioteca 
041 |a ESP 
082 |a 972. 04  |b SCH 
100 |a Scholes, Walter V.  |e (autor) 
245 1 0 |a Política mexicana durante el régimen de Juárez :  |b 1855-1872 /  |c W.V. Scholes ; pról. de A. Martínez Báez ; tr. por Rafael Quijano. 
264 4 |a México :  |b Fondo de Cultura Económica,  |c 1972, c1972 
300 |a 233 p. 
336 |a texto  |b txt  |2 rdacontenido 
337 |a sin mediación  |b n  |2 rdamedio 
338 |a volumen  |b nc  |2 rdasoporte 
440 1 |a (Sección de Obras de Historia) 
500 |a Traducción de : Mexican Politics During the Juarez Regime, 1855-1872 
520 |a Ensayo sobre las ideas políticas que animaron y presidieron las reformas emprendidas por Benito Juárez durante el lapso 1855-1872. 
649 |a XX 
650 |a México -  |x Historia -  |y Constitución y Reforma, 1855-1863 
650 |a México -  |x Historia -  |y Intervención y Segundo Imperio, 1861-1867 
650 |a México -  |x Historia -  |y República Liberal, 1867-1911 
650 |a México -  |x Historia -  |y Siglo XIX 
650 |a Liberalismo -  |z México -  |x Historia 
650 |a Política -  |z México -  |x Historia 
700 |a Martínez Báez, Antonio  |e (prólogo) 
910 |a Fondo General 
920 |a Impresos - Libros 
930 |a Colección General 
905 |a 101 
901 |a 0500122199  |b IT1  |c ACC  |u 20250521 
902 |a https://opac.biblio.iteso.mx/vufind/Record/000182270